[Event "Guernsey Open"]
[Site "Guernsey"]
[Date "2010.10.20"]
[Round "4"]
[White "Thurlow, Kevin J"]
[Black "Hamperl, Fred A"]
[Result "0-1"]
[WhiteElo "2045"]
[BlackElo "2101"]
[PlyCount "60"]
[EventDate "2010.10.17"]
[SourceDate "2010.10.30"]

1. c4 e5 2. Nc3 Nc6 3. g3 g6 4. Bg2 Bg7 5. e3 d6 6. Nge2 f5 7. d4 Nf6 8. O-O
O-O 9. b3 Ne7 10. Ba3 e4 11. Nf4 g5 12. Nh5 Nxh5 13. Qxh5 h6 14. f3 exf3 15.
Qxf3 f4 16. gxf4 gxf4 17. Nd5 fxe3 18. Qxe3 Nf5 19. Rxf5 Bxf5 20. Ne7+ Qxe7 21.
Qxe7 Bxd4+ 22. Kh1 Bxa1 23. Bd5+ Kh8 24. Qh4 Bg7 25. Bb2 Bxb2 26. Qxh6+ Bh7 27.
Bxb7 Rae8 28. Be4 Rf7 29. Bg6 Re1+ 30. Kg2 Rg7 0-1

[Event "Guernsey Open"]
[Site "Guernsey"]
[Date "2010.10.20"]
[Round "4"]
[White "Hickman, John"]
[Black "Kirby, Peter"]
[Result "1-0"]
[WhiteElo "2012"]
[BlackElo "2031"]
[PlyCount "77"]
[EventDate "2010.10.17"]
[SourceDate "2010.10.30"]

1. e4 c5 2. Nf3 Nc6 3. d3 g6 4. g3 Bg7 5. Bg2 e5 6. O-O Nge7 7. c3 O-O 8. Nbd2
d6 9. Nh4 Kh8 10. f4 f5 11. Ndf3 Rb8 12. Ng5 h6 13. exf5 Bxf5 14. Nxf5 hxg5 15.
Nxg7 Kxg7 16. fxe5 Nxe5 17. Bxg5 Qd7 18. Qe2 N7c6 19. Rad1 Rbe8 20. Rxf8 Rxf8
21. d4 cxd4 22. cxd4 Nf7 23. Bd2 Re8 24. Qf2 Qd8 25. Rf1 Rf8 26. Bd5 Qe7 27.
Re1 Qf6 28. Qxf6+ Kxf6 29. Re6+ Kg7 30. Be4 g5 31. Rg6+ Kh8 32. Bc3 d5 33. Bxd5
Ne7 34. Bxf7 Nxg6 35. Bxg6 Kg7 36. Be4 b6 37. Kg2 Re8 38. Kf3 g4+ 39. Kf4 1-0

[Event "Guernsey Open"]
[Site "Guernsey"]
[Date "2010.10.20"]
[Round "4"]
[White "Gant, Chris"]
[Black "De Kruif, Kees"]
[Result "1-0"]
[WhiteElo "2206"]
[BlackElo "2010"]
[PlyCount "111"]
[EventDate "2010.10.17"]
[SourceDate "2010.10.30"]

1. c4 c5 2. Nc3 Nc6 3. g3 g6 4. Bg2 Bg7 5. Nf3 Nf6 6. O-O O-O 7. d4 cxd4 8.
Nxd4 Nxd4 9. Qxd4 d6 10. Qh4 a6 11. Bg5 Be6 12. Nd5 Bxd5 13. cxd5 Qb6 14. b3
Rac8 15. Rac1 Kh8 16. Rc4 Rxc4 17. Qxc4 h6 18. Be3 Qa5 19. b4 Qa4 20. Rc1 b5
21. Qb3 Qxb3 22. axb3 Ra8 23. Bb6 Ng8 24. Rc7 f5 25. e4 Kh7 26. Kf1 Bb2 27. Ke2
Kg7 28. f4 Rb8 29. Ba7 Ra8 30. Kd3 Kf7 31. Bb6 Rb8 32. Be3 Ra8 33. Bd2 Ba1 34.
Bf3 Ke8 35. exf5 gxf5 36. Bh5+ Kd8 37. Rc1 Bg7 38. Bf7 Nf6 39. Be6 Bh8 40. Be3
Bg7 41. Bd4 Bf8 42. Bxf6 exf6 43. Bxf5 a5 44. Ra1 a4 45. bxa4 bxa4 46. Kc4 Kc7
47. Bc2 a3 48. Kb3 Re8 49. Bd3 Re3 50. Kc4 Rf3 51. Rxa3 Rf2 52. Ra7+ Kd8 53. b5
Rxh2 54. Ra8+ Ke7 55. Kc3 Bg7 56. f5 1-0

[Event "Guernsey Open"]
[Site "Guernsey"]
[Date "2010.10.20"]
[Round "4"]
[White "Gravett, Alan D"]
[Black "Goater, Kevin"]
[Result "1/2-1/2"]
[WhiteElo "1913"]
[BlackElo "2154"]
[PlyCount "84"]
[EventDate "2010.10.17"]
[SourceDate "2010.10.30"]

1. g3 g6 2. Bg2 Bg7 3. d4 d6 4. e4 Nd7 5. Ne2 e5 6. O-O h5 7. h4 Nh6 8. Nbc3
O-O 9. a4 a6 10. a5 Rb8 11. b3 exd4 12. Nxd4 Ne5 13. Ra2 Kh7 14. Nd5 Bg4 15. f3
Bd7 16. c4 Ng8 17. Kh2 Ne7 18. Bg5 f6 19. Bc1 N7c6 20. Ne2 Be6 21. Nef4 Bf7 22.
Bh3 Re8 23. c5 dxc5 24. Rd2 Nd4 25. b4 b6 26. bxc5 bxc5 27. Rb2 Rxb2+ 28. Bxb2
Ndxf3+ 29. Rxf3 Nxf3+ 30. Qxf3 c6 31. Nc3 Qxa5 32. e5 Rxe5 33. Ne4 Rxe4 34.
Qxe4 Qd2+ 35. Qg2 Qd6 36. Qc2 f5 37. Ba3 Bd4 38. Nd3 Qe6 39. Bxc5 Bxc5 40. Nxc5
Qa2 41. Qxa2 Bxa2 42. Bg2 Bc4 1/2-1/2

[Event "Guernsey Open"]
[Site "Guernsey"]
[Date "2010.10.20"]
[Round "4"]
[White "Taylor, Mark V"]
[Black "Burton, Ronnie"]
[Result "1/2-1/2"]
[WhiteElo "2128"]
[BlackElo "2015"]
[PlyCount "54"]
[EventDate "2010.10.17"]
[SourceDate "2010.10.30"]

1. d4 d5 2. Nf3 Nf6 3. c4 e6 4. Nc3 Be7 5. Bg5 O-O 6. e3 h6 7. Bxf6 Bxf6 8. Qc2
c6 9. Bd3 Nd7 10. cxd5 exd5 11. O-O Nb6 12. Nd2 Be6 13. Ne2 Rc8 14. Rac1 Be7
15. Nb3 Bd6 16. Nc5 Qe7 17. Ng3 Bxc5 18. Qxc5 Qxc5 19. dxc5 Nd7 20. Rfd1 Ne5
21. Bb1 g6 22. Ne2 f5 23. Rd4 Bf7 24. Rc3 Rfe8 25. h3 Nd7 26. Rb4 b6 27. cxb6
axb6 1/2-1/2

[Event "Guernsey Open"]
[Site "Guernsey"]
[Date "2010.10.20"]
[Round "4"]
[White "Collier, David O"]
[Black "Jouault, Louis"]
[Result "1-0"]
[WhiteElo "2115"]
[BlackElo "1984"]
[PlyCount "79"]
[EventDate "2010.10.17"]
[SourceDate "2010.10.30"]

1. d4 g6 2. c4 Nf6 3. Nc3 Bg7 4. e4 d6 5. f3 O-O 6. Be3 c5 7. d5 Re8 8. Bd3 e6
9. Nge2 exd5 10. cxd5 Nbd7 11. O-O Ne5 12. Rb1 a6 13. b4 c4 14. Bc2 b5 15. Qd2
Bd7 16. h3 Rc8 17. a4 bxa4 18. Nxa4 c3 19. Naxc3 Nc4 20. Qc1 Nh5 21. Bf2 Qc7
22. Bd3 Qd8 23. Rb3 Qf6 24. Qe1 Ne5 25. Bxa6 Bxh3 26. f4 Nxf4 27. Bh4 Ned3 28.
Bxd3 Nxe2+ 29. Nxe2 Qe5 30. gxh3 Bh6 31. Qg3 Qh5 32. Bf6 Rxe4 33. Bxe4 Qxe2 34.
Re1 Qd2 35. Qf2 Qxf2+ 36. Kxf2 Bf4 37. b5 h5 38. b6 g5 39. b7 Rb8 40. Ra1 1-0

[Event "Guernsey Open"]
[Site "Guernsey"]
[Date "2010.10.20"]
[Round "4"]
[White "Van Ingen, Ton"]
[Black "Morcom, Huw"]
[Result "1/2-1/2"]
[WhiteElo "2058"]
[BlackElo "1950"]
[PlyCount "50"]
[EventDate "2010.10.17"]
[SourceDate "2010.10.30"]

1. d4 g6 2. c4 Bg7 3. Nc3 f5 4. Nf3 d6 5. g3 Nh6 6. Bg2 Nf7 7. d5 e5 8. dxe6
Bxe6 9. Qd3 Nc6 10. Nd5 O-O 11. O-O Nce5 12. Qc2 Nxf3+ 13. exf3 Ne5 14. Re1 Bf7
15. f4 Nc6 16. Bd2 Nd4 17. Qd3 c6 18. Be3 cxd5 19. Bxd4 dxc4 20. Qc3 Bxd4 21.
Qxd4 Qb6 22. Rad1 Qxd4 23. Rxd4 Rfe8 24. Red1 Re2 25. R4d2 Rae8 1/2-1/2

[Event "Guernsey Open"]
[Site "Guernsey"]
[Date "2010.10.20"]
[Round "4"]
[White "Pickersgill, Adrian O"]
[Black "Chidi, Lovinia"]
[Result "1-0"]
[WhiteElo "2030"]
[BlackElo "1801"]
[PlyCount "63"]
[EventDate "2010.10.17"]
[SourceDate "2010.10.30"]

1. e4 c5 2. c3 d6 3. d4 cxd4 4. cxd4 e6 5. Nf3 Nf6 6. Nc3 a6 7. Bd3 Be7 8. O-O
Nc6 9. Bf4 Nh5 10. Be3 Nf6 11. h3 O-O 12. Rc1 Bd7 13. Bb1 Rc8 14. a3 b5 15. b4
Nb8 16. Qd3 g6 17. Rfd1 Bc6 18. Qe2 Bb7 19. Bh6 Re8 20. e5 Nh5 21. g4 Ng7 22.
Ne4 Rxc1 23. Bxc1 f5 24. exf6 Bxf6 25. Ba2 d5 26. Nxf6+ Qxf6 27. Bg5 Qf8 28.
Ne5 Qd6 29. Qd2 Nd7 30. f4 Nxe5 31. fxe5 Rf8 32. exd6 1-0

[Event "Guernsey Open"]
[Site "Guernsey"]
[Date "2010.10.20"]
[Round "4"]
[White "Lenier, Jude"]
[Black "Casiot, David J"]
[Result "1/2-1/2"]
[WhiteElo "1963"]
[BlackElo "2130"]
[PlyCount "92"]
[EventDate "2010.10.17"]
[SourceDate "2010.10.30"]

1. e4 e6 2. d3 d5 3. Nd2 Nf6 4. Ngf3 c5 5. g3 Nc6 6. Bg2 Qc7 7. O-O Be7 8. Ne1
dxe4 9. Nxe4 O-O 10. Be3 Nxe4 11. dxe4 e5 12. Nd3 b6 13. f4 c4 14. Nf2 Ba6 15.
c3 Rad8 16. Qg4 Bc8 17. f5 Rd6 18. Qe2 Na5 19. g4 g5 20. h4 h6 21. hxg5 hxg5
22. Qf3 Kg7 23. Kh2 f6 24. Rh1 Rdd8 25. Kg3 Bc5 26. Rh5 Rh8 27. Rah1 Rxh5 28.
gxh5 Kh8 29. h6 Bxe3 30. Qxe3 Kh7 31. Bf3 Bxf5 32. exf5 e4+ 33. Kg4 exf3 34.
Ne4 Qf7 35. Rh5 Nc6 36. Rxg5 Ne5+ 37. Kh4 Rg8 38. Rxg8 Kxg8 39. Qg1+ Kh7 40.
Qe3 Qf8 41. Kh5 Qf7+ 42. Kh4 Kh8 43. Qd2 Qf8 44. Qe3 Kh7 45. Kh5 Kh8 46. Kh4
Kh7 1/2-1/2

[Event "Guernsey Open"]
[Site "Guernsey"]
[Date "2010.10.20"]
[Round "4"]
[White "Bakker, Joop PA"]
[Black "Knight, Tim R"]
[Result "1/2-1/2"]
[WhiteElo "2019"]
[BlackElo "1650"]
[PlyCount "182"]
[EventDate "2010.10.17"]
[SourceDate "2010.10.30"]

1. f4 Nf6 2. Nf3 g6 3. g3 Bg7 4. Bg2 O-O 5. O-O d5 6. d3 c5 7. Nc3 Nc6 8. e4
dxe4 9. dxe4 e6 10. e5 Nd5 11. Ne4 b6 12. Qe2 Qc7 13. Rd1 Bb7 14. Nd6 Rad8 15.
Be3 Ba8 16. Bf2 Nde7 17. g4 Nc8 18. Bh4 Nxd6 19. Bxd8 Rxd8 20. exd6 Rxd6 21.
Ne5 Nxe5 22. Rxd6 Qxd6 23. Rd1 Qb8 24. Bxa8 Nxg4 25. Qxg4 Qxa8 26. c3 Qe4 27.
Qh4 Qe3+ 28. Qf2 Qe4 29. Rd8+ Bf8 30. a3 Kg7 31. Rd7 Qb1+ 32. Kg2 Qe4+ 33. Kg3
a6 34. Qd2 h5 35. b4 Qf5 36. Qe3 Qg4+ 37. Kf2 Qh4+ 38. Qg3 Qf6 39. Ke2 Qf5 40.
Qe3 Qg4+ 41. Kd2 Qg2+ 42. Qe2 Qxe2+ 43. Kxe2 cxb4 44. cxb4 a5 45. bxa5 bxa5 46.
a4 Bb4 47. Rb7 Bc3 48. Kd3 Be1 49. Rb1 Bf2 50. Rb5 Be1 51. Ke4 Kf6 52. Rb7 Bc3
53. Kd3 Be1 54. Rb1 Bf2 55. Kc2 Bd4 56. Kd3 Bf2 57. Rf1 Bc5 58. Ke4 Bb4 59. h3
Bc3 60. Rb1 Bd2 61. Rb5 Bc3 62. Kd3 Be1 63. Ke2 Bc3 64. Rb3 Bd4 65. Kd3 Bf2 66.
Rb2 Be1 67. Re2 Bb4 68. Re4 Bc5 69. Kc4 Bb4 70. Kb5 Bd2 71. Kc4 Bb4 72. Kd3 Bc5
73. Rc4 Bf2 74. Ke2 Bg1 75. Rc6 Bd4 76. Kd3 Bf2 77. Kd2 Bd4 78. Rc4 Bf2 79. Rc6
Bd4 80. Ra6 Bc5 81. Kd3 Bb4 82. Rb6 Be1 83. Rb1 Bf2 84. Rb5 Be1 85. Re5 Bb4 86.
Re4 Bc5 87. Rc4 Bf2 88. Ke2 Bg1 89. Rc8 Bd4 90. Kd3 Bf2 91. Kd2 Bd4 1/2-1/2

[Event "Guernsey Open"]
[Site "Guernsey"]
[Date "2010.10.20"]
[Round "4"]
[White "Downey, Kevin"]
[Black "Rowe, Peter"]
[Result "1/2-1/2"]
[WhiteElo "1997"]
[BlackElo "2012"]
[PlyCount "98"]
[EventDate "2010.10.17"]
[SourceDate "2010.10.30"]

1. c4 e5 2. g3 f5 3. Bg2 Nf6 4. Nc3 d6 5. d3 Be7 6. e3 c6 7. Nge2 O-O 8. O-O
Nbd7 9. Rb1 a5 10. a3 Rb8 11. b4 axb4 12. axb4 Nb6 13. f4 Be6 14. Bd2 e4 15.
Nd4 Qd7 16. Nxe6 Qxe6 17. dxe4 fxe4 18. f5 Qxc4 19. Rc1 Qf7 20. Nxe4 Nxe4 21.
Bxe4 Nc4 22. Bg2 Bg5 23. Qe2 d5 24. h4 Bf6 25. Qd3 Rbd8 26. Bc3 Nxe3 27. Bxf6
Nxf1 28. Bxd8 Nxg3 29. Bb6 Nxf5 30. Rf1 Qg6 31. Bc5 Rf7 32. Kh2 Nxh4 33. Qxg6
Nxg6 34. Re1 h6 35. Re8+ Kh7 36. Kg3 Nf4 37. Bf3 Kg6 38. Bd6 Nh5+ 39. Kf2 Nf6
40. Rd8 Ne4+ 41. Kg2 Nxd6 42. Rxd6+ Kg5 43. b5 Kf4 44. bxc6 bxc6 45. Rxc6 Rd7
46. Re6 Kf5 47. Re8 d4 48. Be4+ Kf4 49. Bd3 Kg5 1/2-1/2

[Event "Guernsey Open"]
[Site "Guernsey"]
[Date "2010.10.20"]
[Round "4"]
[White "Von Saldern, Ruediger"]
[Black "Forbes, Garry"]
[Result "1/2-1/2"]
[WhiteElo "2012"]
[BlackElo "1922"]
[PlyCount "40"]
[EventDate "2010.10.17"]
[SourceDate "2010.10.30"]

1. d4 g6 2. e4 Bg7 3. Nf3 d6 4. Be2 Nf6 5. Nbd2 O-O 6. O-O Nbd7 7. c3 e5 8.
dxe5 dxe5 9. Qc2 Nh5 10. Nb3 h6 11. Be3 Nf4 12. Rad1 Qf6 13. Rfe1 Nxe2+ 14.
Qxe2 Re8 15. Nfd2 Nf8 16. f3 Ne6 17. Nf1 Nf4 18. Qc2 b6 19. Bc1 Ba6 20. Ne3 h5
1/2-1/2

[Event "Guernsey Open"]
[Site "Guernsey"]
[Date "2010.10.20"]
[Round "4"]
[White "Dijksterhuis, Rolf"]
[Black "Gibson, John"]
[Result "0-1"]
[WhiteElo "2008"]
[BlackElo "1873"]
[PlyCount "48"]
[EventDate "2010.10.17"]
[SourceDate "2010.10.30"]

1. e4 e6 2. d4 d5 3. Nc3 Bb4 4. Nge2 Nc6 5. e5 Nge7 6. a3 Ba5 7. Ng3 O-O 8. Bd3
f6 9. exf6 Rxf6 10. Bg5 Rf7 11. Qh5 g6 12. Qh4 Bxc3+ 13. bxc3 Qf8 14. Bh6 Qe8
15. O-O e5 16. c4 e4 17. cxd5 exd3 18. dxc6 Qxc6 19. cxd3 Bf5 20. Ne4 Nd5 21.
Rfc1 Qe8 22. Rc5 c6 23. Nd6 Qe7 24. Bg5 Qxd6 0-1

[Event "Guernsey Open"]
[Site "Guernsey"]
[Date "2010.10.20"]
[Round "4"]
[White "Hoare, Amy"]
[Black "Van Randen, Fred"]
[Result "1-0"]
[WhiteElo "1920"]
[BlackElo "1951"]
[PlyCount "147"]
[EventDate "2010.10.17"]
[SourceDate "2010.10.30"]

1. e4 e5 2. Bc4 Nf6 3. d3 c6 4. Nf3 d5 5. Bb3 Bd6 6. exd5 Nxd5 7. O-O O-O 8.
Nbd2 Bg4 9. h3 Bh5 10. Ne4 Bc7 11. Re1 Nd7 12. Bg5 Qc8 13. Ng3 Bg6 14. Nh4 Nc5
15. Bxd5 cxd5 16. Be7 Ne6 17. Bxf8 Kxf8 18. Nxg6+ hxg6 19. c3 Qd7 20. Qg4 Qb5
21. Qb4+ Qxb4 22. cxb4 Bd6 23. a3 Nf4 24. Rad1 Ne6 25. Ne2 Rd8 26. Nc3 Bb8 27.
a4 Nd4 28. Rc1 Nb3 29. Rb1 f6 30. Red1 Kf7 31. b5 Bc7 32. Ne2 Bb6 33. Nc1 Nd4
34. b4 Bc7 35. Rd2 Ne6 36. Ne2 Bb6 37. Rc2 Rd7 38. a5 Bd4 39. Rbc1 g5 40. Kf1
Ke7 41. Rc8 e4 42. Nxd4 Nxd4 43. dxe4 dxe4 44. R8c4 Nxb5 45. Rxe4+ Kf7 46. Rc5
a6 47. Ke2 Nd4+ 48. Ke3 Nc6 49. b5 axb5 50. Rxb5 Kg6 51. Rc5 Rd1 52. f3 Ra1 53.
Kf2 Rxa5 54. Rxa5 Nxa5 55. Rb4 Nc6 56. Rxb7 Ne5 57. Rb5 Nf7 58. Ke3 Nd6 59. Rd5
Nf5+ 60. Kf2 Ne7 61. Rb5 Nf5 62. g4 Nd6 63. Rd5 Nf7 64. Kg3 Nh6 65. h4 gxh4+
66. Kxh4 Nf7 67. f4 Nh6 68. f5+ Kh7 69. Rd7 Kh8 70. Kh5 Kh7 71. Rc7 Ng8 72. Rb7
Nh6 73. g5 Nxf5 74. g6+ 1-0

[Event "Guernsey Open"]
[Site "Guernsey"]
[Date "2010.10.20"]
[Round "4"]
[White "Smith, David WF"]
[Black "Fassaert, Desire"]
[Result "0-1"]
[WhiteElo "1726"]
[BlackElo "1926"]
[PlyCount "108"]
[EventDate "2010.10.17"]
[SourceDate "2010.10.30"]

1. d4 Nf6 2. Nf3 e6 3. Bf4 b6 4. e3 Bb7 5. Nbd2 Be7 6. Bd3 d6 7. Qe2 c5 8. c3
Nh5 9. Bg3 Nd7 10. e4 Qc7 11. e5 Nxg3 12. hxg3 h6 13. Be4 cxd4 14. Bxb7 Qxb7
15. cxd4 Rc8 16. Ne4 dxe5 17. dxe5 Bb4+ 18. Nfd2 Qd5 19. O-O Qxe5 20. Nc4 Qc7
21. Rac1 O-O 22. Qe3 Bc5 23. Nxc5 Qxc5 24. Qf4 Qe7 25. Rfd1 Nf6 26. Ne5 Rxc1
27. Rxc1 Nd5 28. Qf3 Qf6 29. Qe2 Rd8 30. Nc6 Rc8 31. Qd2 Kh8 32. Nxa7 Rxc1+ 33.
Qxc1 g6 34. Nb5 Kg7 35. Nd6 Qd8 36. Ne4 Qd7 37. Nc3 Qc6 38. Qd2 Qc4 39. a3 h5
40. Qe1 Qd4 41. Qd1 Qxd1+ 42. Nxd1 Kf6 43. Kf1 Ke5 44. Ke2 Kd4 45. Kd2 e5 46.
b3 f5 47. a4 g5 48. Ne3 f4 49. Nxd5 Kxd5 50. gxf4 exf4 51. Kd3 Kc5 52. Kc3 f3
53. b4+ Kc6 54. g3 h4 0-1

[Event "Guernsey Open"]
[Site "Guernsey"]
[Date "2010.10.20"]
[Round "4"]
[White "Dennis, Nigel W"]
[Black "Warmerdam, Robert"]
[Result "1-0"]
[WhiteElo "1950"]
[BlackElo "1789"]
[PlyCount "45"]
[EventDate "2010.10.17"]
[SourceDate "2010.10.30"]

1. e4 c5 2. Nf3 e6 3. d4 cxd4 4. Nxd4 Nf6 5. Nc3 Bb4 6. e5 Nd5 7. Qg4 Kf8 8.
Bd2 Bxc3 9. bxc3 Qc7 10. Qg3 a6 11. c4 Qb6 12. c3 Ne7 13. Bd3 Qc7 14. O-O Nbc6
15. Nxc6 Qxc6 16. Rab1 Ng6 17. Be3 b5 18. cxb5 axb5 19. Rxb5 Rxa2 20. Rfb1 Ne7
21. Bc5 Ra8 22. Qg5 d6 23. exd6 1-0

[Event "Guernsey Open"]
[Site "Guernsey"]
[Date "2010.10.20"]
[Round "4"]
[White "Cummins, John"]
[Black "Nicholson, John"]
[Result "1-0"]
[WhiteElo "1882"]
[BlackElo "1863"]
[PlyCount "65"]
[EventDate "2010.10.17"]
[SourceDate "2010.10.30"]

1. e4 e6 2. d4 d5 3. Nc3 Be7 4. Nf3 Nf6 5. e5 Nfd7 6. Bd3 c5 7. Bf4 Nc6 8. O-O
O-O 9. Nb5 a6 10. Nd6 cxd4 11. a3 Ndxe5 12. Nxe5 Bxd6 13. Re1 Qc7 14. Qe2 Nxe5
15. Bxe5 Bxe5 16. Qxe5 Qxe5 17. Rxe5 f6 18. Ree1 Bd7 19. f4 Rac8 20. Re2 Kf7
21. Rae1 g6 22. g3 Rfe8 {(=)} 23. Kf2 Rc5 24. Kf3 Bb5 25. Rd1 e5 26. fxe5 fxe5
27. Rf2 Ke6 28. Kg4 Bd7 29. Kg5 Rc7 30. Rdf1 Rh8 31. Rf7 h6+ 32. Kxg6 Rg8+ 33.
Kh7 1-0

[Event "Guernsey Open"]
[Site "Guernsey"]
[Date "2010.10.20"]
[Round "4"]
[White "Goris Schouwstra, Adry"]
[Black "Bridel, Jon"]
[Result "1/2-1/2"]
[WhiteElo "1911"]
[BlackElo "1653"]
[PlyCount "59"]
[EventDate "2010.10.17"]
[SourceDate "2010.10.30"]

1. d4 b6 2. Nf3 Bb7 3. e3 e6 4. Be2 c5 5. O-O Nf6 6. c4 Be7 7. Nc3 O-O 8. d5
exd5 9. cxd5 d6 10. e4 Nbd7 11. h3 Re8 12. Nd2 Bf8 13. f4 a6 14. a4 Qc7 15. Qc2
g6 16. Nc4 Bg7 17. Be3 Kh8 18. Bf2 Ng8 19. Rad1 Ne7 20. Bf3 Qb8 21. Rfe1 Ra7
22. Bg4 Bc8 23. Bg3 Nf6 24. Bxc8 Nxc8 25. Bh2 Rae7 26. Nd2 Nd7 27. Nf3 Kg8 28.
Qd3 Qb7 29. e5 dxe5 30. fxe5 1/2-1/2

[Event "Guernsey Open"]
[Site "Guernsey"]
[Date "2010.10.20"]
[Round "4"]
[White "Williams, Peter D"]
[Black "Guttridge, David"]
[Result "1-0"]
[WhiteElo "1866"]
[BlackElo "1904"]
[PlyCount "103"]
[EventDate "2010.10.17"]
[SourceDate "2010.10.30"]

1. c4 f5 2. e4 fxe4 3. d3 Nf6 4. Nc3 e5 5. dxe4 Bb4 6. Bd2 Nc6 7. Bd3 d6 8.
Nge2 Bg4 9. f3 Bh5 10. a3 Bxc3 11. Bxc3 Qe7 12. Qd2 Bf7 13. O-O O-O-O 14. b4
Nb8 15. Qe3 c5 16. Rab1 Nc6 17. Rb2 Nd7 18. Rfb1 Nb6 19. b5 Nd4 20. Ba5 Rd7 21.
Bxb6 axb6 22. Nc3 Rf8 23. a4 Qd8 24. Ne2 Nxe2+ 25. Bxe2 Be6 26. Rd2 Kc7 27. Qc3
Qa8 28. Bd1 Qa7 29. Bb3 Ra8 30. Rd3 Qb8 31. Rbd1 Qf8 32. Qd2 h6 33. Qf2 Rad8
34. Qd2 Ra8 35. Ra1 Qf7 36. a5 bxa5 37. Rxa5 Rxa5 38. Qxa5+ Kc8 39. Qa8+ Kc7
40. Rc3 Rd8 41. b6+ Kd7 42. Qxb7+ Ke8 43. Qc6+ Ke7 44. Qc7+ Rd7 45. Qb8 Rd8 46.
Qa7+ Kf6 47. Rc1 Qxa7 48. bxa7 Bd7 49. Ra1 Ra8 50. Ra6 Ke7 51. Ba4 Bxa4 52.
Rxa4 1-0

[Event "Guernsey Open"]
[Site "Guernsey"]
[Date "2010.10.21"]
[Round "5"]
[White "Pert, Nicholas"]
[Black "Bellin, Robert"]
[Result "1-0"]
[WhiteElo "2561"]
[BlackElo "2365"]
[PlyCount "73"]
[EventDate "2010.10.17"]
[SourceDate "2010.10.30"]

1. d4 e6 2. e4 d5 3. Nd2 Nd7 4. Ngf3 Ne7 5. Bd3 c5 6. O-O cxd4 7. Nxd4 Nc5 8.
Bb5+ Bd7 9. Qe2 a6 10. Bxd7+ Qxd7 11. Rd1 Rd8 12. N4b3 Nc6 13. Nxc5 Bxc5 14.
Nb3 Be7 15. Be3 O-O 16. c4 d4 17. Nxd4 Nxd4 18. Bxd4 Qc7 19. Bc3 Bd6 20. e5 Be7
21. h3 Rxd1+ 22. Rxd1 Rd8 23. Rd3 Rxd3 24. Qxd3 Qc6 25. a3 b5 26. b3 g6 27. Bb4
Bxb4 28. axb4 bxc4 29. bxc4 Qa4 30. Qb1 Qc6 31. b5 axb5 32. cxb5 Qb6 33. Qb4
Qc7 34. b6 Qxe5 35. b7 Qb8 36. Qb6 Kg7 37. Qa6 1-0

[Event "Guernsey Open"]
[Site "Guernsey"]
[Date "2010.10.21"]
[Round "5"]
[White "Havenaar, Jan"]
[Black "Hillarp Persson, Tiger"]
[Result "0-1"]
[WhiteElo "2193"]
[BlackElo "2517"]
[PlyCount "70"]
[EventDate "2010.10.17"]
[SourceDate "2010.10.30"]

1. Nc3 c5 2. Nf3 g6 3. g3 b5 4. Bg2 Bb7 5. d3 e6 6. e4 Be7 7. O-O Nc6 8. Re1 d6
9. a4 b4 10. Ne2 Nf6 11. b3 O-O 12. Bb2 d5 13. exd5 Nxd5 14. Nd2 Bf6 15. Bxf6
Qxf6 16. Ne4 Qe7 17. Qd2 f6 18. Qc1 Rad8 19. Nf4 Nd4 20. Nxd5 Bxd5 21. Qd1 Qd7
22. f3 f5 23. Nd2 g5 24. Re5 Qg7 25. Re1 Bb7 26. Kf2 f4 27. Ne4 fxg3+ 28. hxg3
Nxf3 29. Bxf3 g4 30. Nd2 Qd4+ 31. Re3 Bxf3 32. Qe1 Bd5+ 33. Kg1 Rf5 34. Kh2
Rdf8 35. Ne4 Rf1 0-1

[Event "Guernsey Open"]
[Site "Guernsey"]
[Date "2010.10.21"]
[Round "5"]
[White "Pleasants, Allan J"]
[Black "Mack, Wolfgang"]
[Result "0-1"]
[WhiteElo "2048"]
[BlackElo "2256"]
[PlyCount "78"]
[EventDate "2010.10.17"]
[SourceDate "2010.10.30"]

1. Nf3 g6 2. e4 Bg7 3. Nc3 d6 4. d4 a6 5. Be3 b5 6. a4 b4 7. Nd5 Bb7 8. c3 e6
9. Nxb4 Bxe4 10. Bd3 Bb7 11. a5 Nf6 12. Qe2 Qc8 13. Bg5 Nbd7 14. Rd1 O-O 15.
O-O Re8 16. Bc4 Ne4 17. Rfe1 c5 18. dxc5 Ndxc5 19. Ba2 Nxg5 20. Nxg5 Qc7 21. h4
d5 22. h5 h6 23. Nf3 g5 24. Nd4 Ne4 25. Bb1 Qxa5 26. Qd3 Qb6 27. f3 Bxd4+ 28.
cxd4 Qxb4 29. fxe4 dxe4 30. Qg3 Rad8 31. Rf1 Qd6 32. Qf2 f5 33. g4 Rf8 34. gxf5
Rxf5 35. Qe3 Rf4 36. Qh3 Rdf8 37. Rxf4 Rxf4 38. Ba2 Rf6 39. Qb3 Bd5 0-1

[Event "Guernsey Open"]
[Site "Guernsey"]
[Date "2010.10.21"]
[Round "5"]
[White "Hamperl, Fred A"]
[Black "Goris, Ton"]
[Result "1-0"]
[WhiteElo "2101"]
[BlackElo "2044"]
[PlyCount "131"]
[EventDate "2010.10.17"]
[SourceDate "2010.10.30"]

1. e4 e6 2. d4 d5 3. exd5 exd5 4. c4 Nc6 5. Nc3 Bb4 6. Nf3 Nge7 7. Be2 O-O 8.
O-O dxc4 9. Bxc4 Bg4 10. Be3 Bxc3 11. bxc3 Nd5 12. Bd2 a6 13. Re1 b5 14. Bd3
Na5 15. Qc2 Bxf3 16. Bxh7+ Kh8 17. gxf3 g6 18. Bh6 Kxh7 19. Bxf8 Qxf8 20. Re5
c6 21. Rae1 Nc4 22. Rh5+ Kg7 23. Rh4 Qd6 24. Qc1 g5 25. Qxg5+ Qg6 26. Qxg6+
Kxg6 27. Ree4 Nxc3 28. Reg4+ Kf6 29. Rh6+ Ke7 30. Rxc6 Nxa2 31. Rc7+ Kd6 32.
Rxf7 Re8 33. Rf6+ Re6 34. Rxe6+ Kxe6 35. Rg6+ Kd5 36. Rxa6 Nc3 37. Ra8 Kxd4 38.
h4 b4 39. Rb8 Nd5 40. h5 Ne5 41. f4 Nc6 42. h6 Nxf4 43. h7 Ng6 44. Rb6 Kc5 45.
Rb7 Nd8 46. Rg7 Nh8 47. Rd7 Ndf7 48. Kf1 b3 49. Ke2 Ne5 50. Rb7 Kc4 51. f4 Nef7
52. Kd2 Nd6 53. Rb8 Ndf7 54. f5 Kd4 55. Re8 Kd5 56. Kc3 Kd6 57. Kxb3 Kd7 58.
Re6 Ng5 59. Rg6 Ngf7 60. Kc3 Nd6 61. Rg7+ Ndf7 62. Kd4 Kd6 63. Rg6+ Ke7 64. Kd5
Nd8 65. f6+ Kf7 66. Rg8 1-0

[Event "Guernsey Open"]
[Site "Guernsey"]
[Date "2010.10.21"]
[Round "5"]
[White "Broek, Thomas"]
[Black "Collier, David O"]
[Result "1-0"]
[WhiteElo "2217"]
[BlackElo "2115"]
[PlyCount "75"]
[EventDate "2010.10.17"]
[SourceDate "2010.10.30"]

1. e4 c6 2. d4 d5 3. Nd2 dxe4 4. Nxe4 Bf5 5. Ng3 Bg6 6. Nf3 Nd7 7. h4 h6 8. h5
Bh7 9. Bd3 Bxd3 10. Qxd3 e6 11. Bd2 Ngf6 12. O-O-O Qc7 13. Ne4 O-O-O 14. Nxf6
gxf6 15. Qb3 c5 16. d5 Qb6 17. dxe6 fxe6 18. Qxb6 Nxb6 19. Rhe1 Rd6 20. Nh4 Bg7
21. Bf4 Rxd1+ 22. Rxd1 Rd8 23. Rxd8+ Kxd8 24. Be3 Nd7 25. g4 Kc7 26. f4 Kd6 27.
c4 Nb8 28. b3 Nc6 29. Kd2 b6 30. Ng6 e5 31. fxe5+ Nxe5 32. Bf4 Ke6 33. Nxe5
fxe5 34. Be3 Bf8 35. Kd3 Bg7 36. Ke4 Bf8 37. a4 a5 38. g5 1-0

[Event "Guernsey Open"]
[Site "Guernsey"]
[Date "2010.10.21"]
[Round "5"]
[White "Norman, Kenneth I"]
[Black "Pickersgill, Adrian O"]
[Result "1/2-1/2"]
[WhiteElo "2168"]
[BlackElo "2030"]
[PlyCount "73"]
[EventDate "2010.10.17"]
[SourceDate "2010.10.30"]

1. Nf3 d6 2. d4 Bg4 3. c4 Nd7 4. e4 e5 5. Be2 Be7 6. Nc3 Bxf3 7. Bxf3 Bg5 8.
O-O Bxc1 9. Rxc1 Ngf6 10. d5 O-O 11. b4 a5 12. a3 axb4 13. axb4 Qe7 14. Qb3
Rfc8 15. g3 h6 16. Bg2 c5 17. Bh3 Rcb8 18. Bxd7 Nxd7 19. Ra1 Qd8 20. bxc5 Nxc5
21. Qb5 Ra6 22. Rfb1 Rba8 23. Rxa6 Rxa6 24. Kg2 Kh7 25. Qb4 Qf6 26. Qb2 g5 27.
f3 Kg7 {(=)} 28. Qc2 Qd8 29. Nd1 Ra3 30. Nc3 Qa5 31. Nb5 Ra2 32. Rb2 Rxb2 33.
Qxb2 Qb6 34. Qa3 Qd8 35. Qa7 Kg6 36. Qa3 Kg7 37. Qa7 1/2-1/2

[Event "Guernsey Open"]
[Site "Guernsey"]
[Date "2010.10.21"]
[Round "5"]
[White "Bolt, Graham"]
[Black "Heppell, Ian N"]
[Result "1/2-1/2"]
[WhiteElo "2062"]
[BlackElo "2126"]
[PlyCount "66"]
[EventDate "2010.10.17"]
[SourceDate "2010.10.30"]

1. g3 e5 2. Bg2 Nc6 3. d3 f5 4. a3 Nf6 5. b3 Bc5 6. e3 O-O 7. Ne2 Qe8 8. Nbc3
a6 9. O-O d6 10. b4 Ba7 11. Na4 f4 12. exf4 Qh5 13. Nec3 Bg4 14. Qd2 Nd4 15. h4
Bf3 16. fxe5 Bxg2 17. Kxg2 Qf3+ 18. Kh3 dxe5 19. Nc5 Qg4+ 20. Kg2 Nf3 21. Qd1
Nh5 22. Be3 Nxh4+ 23. Kh2 Nf3+ 24. Kg2 Bxc5 25. bxc5 Qg6 26. Rh1 {(=)} Rf5 27.
Rb1 Raf8 28. Ne4 Nd4 29. c3 Ne6 30. Rh2 Nhf4+ 31. Kh1 Nd5 32. Qe2 Nxe3 33. Qxe3
Rf3 1/2-1/2